书目信息 |
| 题名: |
市场经济国家劳动关系
|
|
| 作者: | 杨体仁 | |
| 分册: | ||
| 出版信息: | 北京 中国劳动社会保障出版社 2000 |
|
| 页数: | 470 | |
| 开本: | 21cm | |
| 丛书名: | ||
| 单 册: | ||
| 中图分类: | F249.1 | |
| 科图分类: | ||
| 主题词: | 劳动经济 | |
| 电子资源: | ||
| ISBN: | 7-5045-2849-8 | |
| 000 | 00614nam0 2200193 450 | |
| 001 | 0760515518 | |
| 005 | 20070817164835.51 | |
| 010 | @a7-5045-2849-8@d¥30.00 | |
| 100 | @a20070817d km y0chiy0120 ea | |
| 101 | 0 | @achi |
| 200 | 1 | @a市场经济国家劳动关系@Ashi chang jing ji guo jia lao dong guan xi@e理论、制度、政策@f杨体仁等@Fyang ti ren deng |
| 210 | @a北京@c中国劳动社会保障出版社@d2000 | |
| 215 | @a470@d21cm | |
| 517 | 1 | @a理论、制度、政策@Ali lun、zhi du、zheng ce |
| 606 | 0 | @a劳动经济 |
| 690 | @aF249.1@v3 | |
| 701 | 0 | @a杨体仁@Ayang ti ren |
| 801 | 0 | @aCN@bPFT@c20070817 |
| 905 | @a213230@dF249.1@eg30@f1 | |
| 市场经济国家劳动关系:理论、制度、政策/杨体仁等.-北京:中国劳动社会保障出版社,2000 |
| 470;21cm |
| ISBN 7-5045-2849-8:¥30.00 |
| ● |
| 相关链接 |
|
|
|
|
正题名:市场经济国家劳动关系
索取号:F249.1/g30
 
预约/预借
| 序号 | 登录号 | 条形码 | 馆藏地/架位号 | 状态 | 备注 |
| 1 | 6501845 | 265018456 | 密集书库-海洋学院/ [索取号:F249.1/g30] | 在馆 |